Creative Bible teaching / (Record no. 2868)

MARC details
000 -LEADER
fixed length control field 00708cam a2200241 i 4500
001 - CONTROL NUMBER
control field 3625754
003 - CONTROL NUMBER IDENTIFIER
control field GBCCL
005 - DATE AND TIME OF LATEST TRANSACTION
control field 20241126110442.0
008 - FIXED-LENGTH DATA ELEMENTS--GENERAL INFORMATION
fixed length control field 750819t19731970ilua b 000 0 eng
010 ## -
-- 74104830
020 ## - INTERNATIONAL STANDARD BOOK NUMBER
International Standard Book Number 0802416403 :
Terms of availability $4.95
040 ## - CATALOGING SOURCE
Original cataloging agency DLC
Transcribing agency DLC
Modifying agency DLC
050 00 -
-- BS600.2
-- .R53 1973
082 00 - DEWEY DECIMAL CLASSIFICATION NUMBER
Classification number 220.07
Item number RIC
100 1# - MAIN ENTRY--PERSONAL NAME
Personal name Richards, Larry,
Dates associated with a name 1931-
9 (RLIN) 3617
245 10 - TITLE STATEMENT
Title Creative Bible teaching /
Statement of responsibility, etc. Lawrence O. Richards.
260 ## - PUBLICATION, DISTRIBUTION, ETC.
Place of publication, distribution, etc. Chicago :
Name of publisher, distributor, etc. Moody Press,
Date of publication, distribution, etc. 1973, c1970.
300 ## - PHYSICAL DESCRIPTION
Extent 288 p. :
Other physical details ill. ;
Dimensions 24 cm.
504 ## - BIBLIOGRAPHY, ETC. NOTE
Bibliography, etc. note Bibliography: p. 286-288.
630 #0 - SUBJECT ADDED ENTRY--UNIFORM TITLE
Uniform title Bible
General subdivision Study and teaching.
9 (RLIN) 498
906 ## - LOCAL DATA ELEMENT F, LDF (RLIN)
a 7
b cbc
c orignew
d 2
e ncip
f 19
g y-gencatlg
942 ## - ADDED ENTRY ELEMENTS (KOHA)
Source of classification or shelving scheme Dewey Decimal Classification
Koha item type Books
Holdings
Withdrawn status Lost status Source of classification or shelving scheme Damaged status Not for loan Home library Current Library Shelving location Date acquired Total checkouts Full call number Barcode Date last seen Copy number Price effective from Koha item type
    Dewey Decimal Classification     GRACE BIBLE COLLEGE GRACE BIBLE COLLEGE Biblical Studies 2017-10-04   220.07 RIC 000481 2025-05-01 c.1 2017-10-04 Books
© Grace Bible College Library 2025